Statistiques concernant Les chaînes TV française

Cliquez ici pour prendre le quiz!

Statistiques générales

  • Ce quiz a été pris 217 fois
    (151 depuis la dernière actualisation)
  • Le résultat moyen est 21 sur 31

Statistiques - réponses

NuméroChaînes% Correct
01TF1
100%
02France 2
99%
03France 3
99%
04Canal +
97%
06M6
94%
09W9
94%
05France 5
93%
07Arte
90%
14France 4
89%
08C8
87%
18Gulli
87%
10TMC
87%
12NRJ 12
84%
15BFM TV
82%
11TFX
79%
17C Star
73%
16C News
69%
19France O
69%
24RMC Découverte
59%
26LCI
57%
13LCP
55%
21L'Equipe 21
53%
226ter
51%
25Chérie 25
50%
27France Info
44%
41Paris Première
43%
23RMC Story
39%
20TF1 Séries Films
34%
42Canal + Sport
28%
43Canal + Cinéma
23%
45Planète +
12%

Distribution des résultats

Percentile par nombre de réponses

% des personnes avec chaque résultat

Votre développement - résultats

Vous n’avez pas pris ce quiz depuis la dernière actualisation